000
00235nam a22000977a 4500
999
_c
533399
_d
533399
040
_c
dlc
100
_a
Prof. Eugene N. Borza
_9
27264
245
_a
The EPIC Story of the Warrior King Alexander
300
_a
211;p;x.v
942
_2
ddc
_c
BK